Il macellaio /

সংরক্ষণ করুন:
গ্রন্থ-পঞ্জীর বিবরন
প্রধান লেখক: Reyes, Alina (লেখক), Bruno, Francesco, (1948- Lerici) (লেখক)
বিন্যাস: গ্রন্থ
ভাষা:ইতালিয়
প্রকাশিত: Parma : Guanda, 1989
মালা:Prosa contemporanea
ট্যাগগুলো: ট্যাগ যুক্ত করুন
কোনো ট্যাগ নেই, প্রথমজন হিসাবে ট্যাগ করুন!

MARC

LEADER 00000nam a22000007i 4500
001 IT\ICCU\LO1\0250649
003 ItRI
005 20260115231928.0
008 930127s1989 it |||||| |||||1|||||c
020 |a 8877463821 
040 |b ita  |c importazione bologna sebina 
041 7 |a ita  |2 ISO-639-2 
082 |a 843.914  |9 NARRATIVA FRANCESE. 1945-  |2 19 
100 1 |a Reyes, Alina  |0 IT\ICCU\CFIV\112826  |4 aut 
240 1 3 |a Le boucher. -  |3 IT\ICCU\CFI\0189047  |9 Reyes, Alina 
245 1 3 |a Il macellaio /  |c Alina Reyes ; traduzione di Francesco Bruno. 
260 |a Parma :  |b Guanda,  |c 1989 
300 |a 74 p. ;  |c 20 cm 
700 1 |a Bruno, Francesco,  |d  (1948-   |c Lerici)  |0 IT\ICCU\PALV\027046  |4 aut 
790 1 |a Bruno, Francesco  |c  (traduttore)  |3 IT\ICCU\SBNV\024597  |z Bruno, Francesco (1948- ; Lerici) 
830 0 |a Prosa contemporanea  |0 IT\ICCU\CFI\0003884 
942 |2 ddc  |c BK  |n 0 
952 |0 0  |1 0  |4 0  |6 DOC_843_914000000000000_REY  |7 0  |9 16857  |a BO  |b BO  |d 2026-01-15  |i 14328  |l 0  |o DOC 843.914 REY  |p BO14328  |r 2026-01-15 23:19:28  |w 2026-01-15  |x [Sebina 5] [1 v.]  |y BK  |z 1 v. (6. ed. ma rist. 1989) 
999 |c 14407  |d 14407